| 000 -ლიდერი |
| ფიქსირებული სიგრძის საკონტროლო ველი |
01801nam a22002537a 4500 |
| 003 - საკონტროლო ნომრის იდენტიფიკატორი |
| საკონტროლო ველი |
Ge_BSU |
| 005 - ბოლო ოპერაციის თარიღი და დრო |
| საკონტროლო ველი |
20250324171031.0 |
| 008 - ფიქსირებული სიგრძის მონაცემთა ელემენტები - ზოგადი ინფორმაცია |
| ფიქსირებული სიგრძის საკონტროლო ველი |
250324s2024 ge ||||| |||| 00| 0 geo d |
| 020 ## - წიგნის საერთაშორისო სტანდარტული ნომერი |
| International Standard Book Number |
9789941989094 |
| 041 ## - ენის კოდი |
| Language code of text/sound track or separate title |
geo |
| 080 ## - უნივერსალური ათობითი კლასიფიკაციის ინდექსი |
| Universal Decimal Classification number |
37.01(479.22)(09) ბ-29 |
| 100 ## - მთავარი ჩანაწერი - პიროვნების სახელი |
| Personal name |
ბასილაძე, იმერი |
| 9 (RLIN) |
4917 |
| 245 ## - ცნობა სათაურის შესახებ |
| Title |
XX საუკუნის ქართული დიდაქტიკური აზროვნების განვითარების ისტორიის საკითხები (1900-1960) : |
| Remainder of title |
[მონოგრაფია] / |
| Statement of responsibility, etc |
იმერი ბასილაძე, ლელა თავდგირიძე; რედაქტორები: ნოდარ ბარამიძე, ნატო შეროზია; სამეცნიერო რედაქტორი იმერი ბასილაძე. |
| 264 ## - წარმოების, გამოცემის, დისტრიბუციის და სხვა ცნობები |
| გამოცემის, წარმოების, დისტრიბუციის... ადგილი |
თბილისი : |
| გამოცემის, წარმოების, დისტრიბუციის... სახელწოდება |
საჩინო, |
| გამოცემის, წარმოების, დისტრიბუციის... თარიღი |
2024. |
| 300 ## - ფიზიკური აღწერა |
| Extent |
360 გვ. ; |
| Other physical details |
21 სმ. |
| 500 ## - ზოგადი შენიშვნა |
| General note |
მონოგრაფია გამოიცა შოთა რუსთველის საქართველოს ეროვნული სამეცნიერო ფონდის მხარდაჭერით. |
| 504 ## - BIBLIOGRAPHY, ETC. NOTE |
| Bibliography, etc |
ბიბლიოგრაფია: გვ. 344-357. |
| 653 ## - INDEX TERM--UNCONTROLLED |
| Uncontrolled term |
ქართული პედაგოგიკის ისტორია |
| 653 ## - INDEX TERM--UNCONTROLLED |
| Uncontrolled term |
დიდაქტიკური აზროვნება |
| 700 ## - ADDED ENTRY--PERSONAL NAME |
| Personal name |
თავდგირიძე, ლელა |
| Relator term |
ავტორი |
| 9 (RLIN) |
1294 |
| 700 ## - ADDED ENTRY--PERSONAL NAME |
| Personal name |
ბარამიძე, ნოდარ |
| Relator term |
რედაქტორი |
| 9 (RLIN) |
24664 |
| 700 ## - ADDED ENTRY--PERSONAL NAME |
| Personal name |
შეროზია, ნატო |
| Relator term |
რედაქტორი |
| 9 (RLIN) |
9358 |
| 942 ## - ADDED ENTRY ELEMENTS (KOHA) |
| Source of classification or shelving scheme |
|
| Koha item type |
წიგნი |